| 000 -CABECERA |
| fixed length control field |
01587nam a22002897a 4500 |
| 003 - IDENTIFICADOR DEL NÚMERO DE CONTROL |
| control field |
AR-CdUCM |
| 008 - DATOS DE LONGITUD FIJA--INFORMACIÓN GENERAL |
| fixed length control field |
190425b ||||| |||| 00| 0 spa d |
| 040 ## - FUENTE DE LA CATALOGACIÓN |
| Agencia/entidad que catalogó originalmente la obra |
MUNICIPALIDAD PROVINCIAL DEL CUSCO |
| Entidad que transcribió la catalogación |
BIBLIOTECA MUNICIPAL DEL CUSCO |
| 082 ## - NÚMERO DE LA CLASIFICACIÓN DECIMAL DEWEY |
| No. de Clasificación |
Saqsaywaman/N°4/1995 |
| 110 ## - ENTRADA PRINCIPAL--NOMBRE DE ENTIDAD CORPORATIVA |
| Nombre de la institución, jurisdicción como entrada principal |
Instituto Nacional de Cultura Departamental Cusco |
| 9 (RLIN) |
8837 |
| 245 ## - MENCIÓN DE TÍTULO |
| Título |
Revista Saqsaywaman : |
| Mención de responsabilidad |
Instituto Nacional de Cultura Departamental Cusco. |
| 260 ## - PUBLICACIÓN, DISTRIBUCIÓN, ETC. |
| Lugar de publicación, distribución, etc. |
Cusco. |
| Nombre de la editorial, distribuidor, etc. |
INC, |
| Fecha de publicación, distribución, etc. |
1995. |
| 300 ## - DESCRIPCIÓN FÍSICA |
| Nº de Páginas Extensión |
170 páginas. : |
| Otros detalles físicos |
ilustraciones ; |
| Dimensiones |
19 cm. |
| 440 ## - MENCIÓN DE SERIE/PUNTO DE ACCESO ADICIONAL--TÍTULO |
| Título |
Revista Saqsaywaman. |
| Número de la parte/sección de una obra |
N°4, 1995. |
| 9 (RLIN) |
47097 |
| 505 ## - NOTA DE CONTENIDO CON FORMATO |
| Nota de contenido formateada |
Contenido: Trabajos recientes sobre la expansión o desarrollo del Inka temprano al norte del Cusco. Ann Kendall. -- Pukara. Percy Bonnett Medina. -- Aplicación de una propuesta de metodología para conservación de sitios arqueológicos Puca Pucara. Dunia Sánchez Marmanillo. -- Investigación arqueológica en Moray. Arminda Gibaja Oviedo. -- Ocupación Killki en Qhata Q´asallaqta. Alfredo Candia Gómez. -- Sismo en el mundo andino. Rossano Calvo. -- Asentamiento prehispánico de la provincia Sucre Ayacucho. Héctor Espinoza Martínez. |
| 650 ## - PUNTO DE ACCESO ADICIONAL DE MATERIA--TÉRMINO DE MATERIA |
| Descriptor |
Arqueología cusqueña |
| 9 (RLIN) |
9322 |
| 650 ## - PUNTO DE ACCESO ADICIONAL DE MATERIA--TÉRMINO DE MATERIA |
| Descriptor |
Historia del Cusco |
| 9 (RLIN) |
1714 |
| 650 ## - PUNTO DE ACCESO ADICIONAL DE MATERIA--TÉRMINO DE MATERIA |
| Descriptor |
Inkas |
| 9 (RLIN) |
1899 |
| 650 ## - PUNTO DE ACCESO ADICIONAL DE MATERIA--TÉRMINO DE MATERIA |
| Descriptor |
Monumentos históricos |
| 9 (RLIN) |
6891 |
| 700 ## - PUNTO DE ACCESO ADICIONAL--NOMBRE DE PERSONA |
| Nombre Personal |
Valencia Zegarra, Alfredo |
| 9 (RLIN) |
18086 |
| 700 ## - PUNTO DE ACCESO ADICIONAL--NOMBRE DE PERSONA |
| Nombre Personal |
Kendall, Ann |
| 9 (RLIN) |
22835 |
| 700 ## - PUNTO DE ACCESO ADICIONAL--NOMBRE DE PERSONA |
| Nombre Personal |
Gibaja Oviedo, Arminda |
| 9 (RLIN) |
29271 |
| 700 ## - PUNTO DE ACCESO ADICIONAL--NOMBRE DE PERSONA |
| Nombre Personal |
Candia Gómez, Alfredo |
| 9 (RLIN) |
47098 |
| 856 ## - LOCALIZACIÓN Y ACCESO ELECTRÓNICOS |
| Identificador Uniforme de Recurso (URI) |
<a href="http://bvirtual.culturacusco.gob.pe/items/show/100">http://bvirtual.culturacusco.gob.pe/items/show/100</a> |
| Nota pública |
Leer en digital |
| 942 ## - ELEMENTOS DE PUNTO DE ACCESO ADICIONAL (KOHA) |
| Fuente de clasificación |
|
| Tipo de item |
Revistas cusqueñas |
| 945 ## - PROCESAMIENTO DE INFORMACIÓN LOCAL (OCLC) |
| Catalogador |
rac |